000 00356nam a22001577a 4500
003 SGT
020 _a978-0-07-451715-4
082 _a531.16
_bKAZ
100 _aKAZIMI,S.M.A.
245 _aSOLID MECHANICS
250 _a1ST REVISED
260 _aNEW DELHI
_bMC-GRAW HILL EDUCATION
_c2014
300 _a448
650 _aCIVIL ENGINIRING
942 _2ddc
_cBK
999 _c14652
_d14652